Competitiveness as the Basis of EU Regional Policy: Smart Specialization and Sustainability

Konkurencieschopnosť ako základ regionálnej politiky Európskej únie. Možnosti uplatnenia skúseností na Ukrajine.

Uložené v:
Podrobná bibliografia
Hlavný autor: Palinchak, Mykola
Ďalší autori: Tsalan, Myroslava, Brenzovych, Kateryna, Kucher, Anatolii, Kajánek, Tomáš, 1995-, Grešš, Martin, 1978-
Médium: Kapitola
Jazyk:English
Predmet:
Tagy: Pridať tag
Žiadne tagy, Buďte prvý, kto otaguje tento záznam!

MARC

LEADER 00000naa a2200000 4500
001 0280477
005 20251202075707.8
041 0 |a eng 
044 |a IT 
245 1 0 |a Competitiveness as the Basis of EU Regional Policy: Smart Specialization and Sustainability  |c Mykola Palinchak, Myroslava Tsalan, Kateryna Brenzovych, Anatolii Kucher, Tomáš Kajánek, Martin Grešš 
520 |a Konkurencieschopnosť ako základ regionálnej politiky Európskej únie. Možnosti uplatnenia skúseností na Ukrajine. 
610 2 0 |a konkurencieschopnosť 
610 2 0 |a politika regionálna 
610 2 0 |a Európska únia 
100 1 |a Palinchak, Mykola 
700 1 |a Tsalan, Myroslava 
700 1 |a Brenzovych, Kateryna 
700 1 |a Kucher, Anatolii 
700 1 |a Kajánek, Tomáš, 1995- 
700 1 |a Grešš, Martin, 1978-